=LDR 00000nam 2200000 4500 =001 INLIS000000000031735 =005 20130612133805 =008 ***********************************ind** =035 ##$$0010-061300000031735 =041 ##$$a ind =082 ##$$a 420 =090 ##$$a 420, Nor w =100 ##$$a NORMAN, Susan =245 ##$$a We"re In Business, English For Commercial Practice And Internatinal Trade; Susan Horman =260 ##$$a 1983 $b England =300 ##$$a vi,138 hlm., Ilus, 25 cm =650 ##$$a BAHASA INGGRIS =850 ##$$a NBPNMAT